ბათუმის შოთა რუსთაველის სახელმწიფო უნივერსიტეტის ბიბლიოთეკა

გადასახადები.№4, აპრილი 2014. (ბიბ.ჩანაწერი № 43320)

000 -LEADER
fixed length control field 01645nam a2200205Ia 4500
001 - CONTROL NUMBER
control field 10047
003 - CONTROL NUMBER IDENTIFIER
control field GE_BSU
008 - FIXED-LENGTH DATA ELEMENTS--GENERAL INFORMATION
fixed length control field 181216s||||||||xx |||||||||||||| ||und||
040 ## - CATALOGING SOURCE
Transcribing agency GE_BSU
245 ## - TITLE STATEMENT
Title გადასახადები.№4, აპრილი 2014.
245 ## - TITLE STATEMENT
Remainder of title ოფიციალური დოკუმენტები,დაბეგვრის თეორია და მეთოდოლოგია,დაბეგვრის პრაქტიკა,ფინანსები,აღრიცხვა და აუდიტი,ცვლილებები საფადასახადო და საბაჟო კანონმდებლობაში კომენტარებით, კითხვა-პასუხები.
245 ## - TITLE STATEMENT
Statement of responsibility, etc. მთ.რედ.დავით ჯალაღონია,რედ.მადონა გელაშვილი.
260 ## - PUBLICATION, DISTRIBUTION, ETC.
Place of publication, distribution, etc. თბილისი
260 ## - PUBLICATION, DISTRIBUTION, ETC.
Date of publication, distribution, etc. 2014
300 ## - PHYSICAL DESCRIPTION
Extent 58გვ.29სმ.
653 ## - INDEX TERM--UNCONTROLLED
Uncontrolled term გადასახადები
653 ## - INDEX TERM--UNCONTROLLED
Uncontrolled term ოფიციალური დოკუმენტები,დაბეგვრის თეორია და მეთოდოლოგია,დაბეგვრის პრაქტიკა,ფინანსები,აღრიცხვა და აუდიტი,ცვლილებები საფადასახადო და საბაჟო კანონმდებლობაში კომენტარებით, კითხვა-პასუხები.
653 ## - INDEX TERM--UNCONTROLLED
Uncontrolled term პერიოდიკა
942 ## - ADDED ENTRY ELEMENTS (KOHA)
Koha item type პერიოდიკა
ეგზემპლარები
Withdrawn status Lost status Damaged status Not for loan Date acquired Barcode Date last seen Price effective from Koha item type
        2018-12-17 р76267 2018-12-17 2018-12-17 პერიოდიკა